000
00289nam a2200109Ia 4500
008
160531s9999 xx 000 0 und d
100
_a
Raffelt, Georg.
245
_a
Neutrinos and the Stars
245
_c
by Georg Raffelt
260
_c
2012
856
_u
http://arxiv.org/pdf/1201.1637v2.pdf
999
_c
295181
_d
295181